Batería psicopedagógica evalúa-5. Manual ámbito óptimo de utilización: finales del 5º curso de educación primaria, comienzos del 6º curso de educación primaria
Guardat en:
| Autors principals: | , , |
|---|---|
| Format: | Llibre |
| Idioma: | espanyol |
| Publicat: |
Madrid
Instituto de Orientación Psicológica EOS
2004
|
| Edició: | 2a. ed |
| Matèries: | |
| Etiquetes: |
Afegir etiqueta
Sense etiquetes, Sigues el primer a etiquetar aquest registre!
|
MARC
| LEADER | 00000cam a2200000 a 4500 | ||
|---|---|---|---|
| 001 | UCC1790 | ||
| 003 | CL-VaPUC | ||
| 008 | 171124e20040000sp |||||||||||||||||spa|d | ||
| 020 | |a 9788497271066 | ||
| 082 | 0 | 4 | |a 153.94 |b GAR |2 21 |
| 100 | |a García Vidal, Jesús |e author |9 598084 | ||
| 700 | |a González Manjón, Daniel |e author |9 598086 | ||
| 700 | 0 | |a García Ortiz, Beatriz |e author |9 595873 | |
| 245 | 1 | 0 | |a Batería psicopedagógica evalúa-5. Manual ámbito óptimo de utilización: finales del 5º curso de educación primaria, comienzos del 6º curso de educación primaria |
| 250 | |a 2a. ed | ||
| 300 | |a 117 p | ||
| 942 | |c BK | ||
| 945 | |d 20171124 15:27:00 |a arojas | ||
| 260 | |a Madrid |b Instituto de Orientación Psicológica EOS |c 2004 | ||
| 500 | |a Incluye: cuadernillo de respuesta, hoja de evaluación | ||
| 650 | 0 | |a Test y mediciones educacionales |9 323971 | |
| 650 | 7 | |a TEST PSICOLOGICOS |2 CL-VaPUC |9 333478 | |
| 650 | 0 | |a Pruebas de inteligencia |9 307461 | |
| 650 | 0 | |a Educación básica |9 224933 | |
| 583 | |a last modification |c 20171124 15:27:00 |k Rodrigo Vera | ||
| 999 | |c 370155 |d 370153 | ||
| 952 | |0 0 |1 0 |3 erb |4 0 |6 153_940000000000000_GAR_2004 |7 0 |8 R |9 486478 |a BIBEDU |b BIBEDU |c MCIRC |i 5438098 |o 153.94 GAR 2004 |p 5438098 |r 2023-01-13 |w 2019-11-24 |y BK_R |z Catalogado en:20171124 |k EDI | ||